00601nam a2200241Ia 4500008004000000020001500040041000800055082001500063100002200078245008100100250000500181260003200186300001400218650001600232650001500248650000700263650001400270650000800284650001900292650001700311650000800328700002300336210210b2005 xxu||||| |||| 00| 0 eng d a1555812694 aeng a620.8 GLIM aGLICK (Bernard R) aMolecular biotechnology: principles and applications of recombinant DNA Ed 3 a aWashingtonbASM Pressc2005 axxiii,760 arecombinant aprinciples aof aMolecular aDNA abiotechnology: aapplications aand aPASTERNAK (Jack J)